Statistiques concernant Appellations Vins Jura/Savoie/Bugey

Cliquez ici pour prendre le quiz!

Statistiques générales

  • Ce quiz a été pris 36 fois
  • Le résultat moyen est 8 sur 39

Statistiques - réponses

Jura% Correct
R,B,J,PArbois
79%
JChâteau-Chalon
67%
R,B,R,J,PCôtes du Jura
63%
BApremont
58%
B,J,PL'Étoile
50%
EFSCrémant du Jura
46%
EFS,R,B,RBugey
42%
LRBRMacvin du Jura
42%
EDVMarc du Jura
42%
R,BChignin
29%
EFSCrémant de Savoie
29%
BRoussette de Savoie
29%
BAbymes
25%
EFS RoséCerdon
25%
BChignin-Bergeron
25%
EFS,R,B,RVin de Savoie
17%
R,BManicle
13%
EFS,BSeyssel
13%
EFS,BSeyssel
13%
R,B,RChautagne
8%
R,B,RJongieux
8%
EFS,R,BMontagnieu
8%
BRipaille
8%
BRoussette du Bugey
8%
BVirieu-le-Grand
8%
RArbin
4%
BCrépy
4%
BCruet
4%
BMarignan
4%
BMarin
4%
R,BMontmélian
4%
RSaint-Jean-de-la-Porte
4%
BSaint-Jeoire-Prieuré
4%
EFS,BAyze
0%
BFrangy
0%
EDVMarc & Fine du Bugey
0%
BMarestel
0%
BMonterminod
0%
BMonthoux
0%

Distribution des résultats

Percentile par nombre de réponses

% des personnes avec chaque résultat

Votre développement - résultats

Vous n’avez pas pris ce quiz